000 00771cam a22002174a 4500
005 20250605164119.0
008 250528s ||||||||||||||||||||||||d
035 _a18204
020 _a201592924
040 _aGR-AtMCL
_bgre
_dGR-AtMCL
_eAACR2
245 1 _aOperating System Concepts / Fourth Edition
250 _a4th
260 _bAddison-Wesley Publishing Company,
_c1994
300 _a784
520 _aClear coverage of the fundamental concepts which are the foundation of operating systems. Overview, Process Management, Storage Management, Protection and Security, Distributed Systems, Case Studies, Bibliography, Index.
700 1 _aGalvin B. Peter
_94491
700 1 _aSilberschatz Abraham
_91853
942 _cBK
999 _c3581
_d3581